000 00636nam a22002057i 4500
999 _c23228
_d23228
003 AR-CdUCM
008 250225b20202020 pe||||| |||| 00| 0 spa d
020 _a978-9972-08-212-2
040 _aMUNICIPALIDAD PROVINCIAL DEL CUSCO
_cBIBLIOTECA MUNICIPAL DEL CUSCO
041 _hspa
082 _2Reimpresión 2010
_aPI / 808.06 / C78P
_bC78P
110 _aSamaniego /
_951062
245 _aEl pastorcito mentiroso
260 _aLima :
_bCorporacion Editora Chirre S.A.
_c2010
300 _a17 pƔginas. :
_c29x20 cm.
505 _aEl pastorcito mentiroso
856 _fwww.chirre.pe
942 _2ddc
_cLIBROS
945 _apbjr
_d25-02-2025